Труды Центрального статистического управления. Т.15, Вып.36 (Запись № 4402587)
[ простой вид ]
| 000 -МАРКЕР | |
|---|---|
| контрольное поле | 01736nam2a22002651 4500 |
| 001 - ИДЕНТИФИКАТОР ЗАПИСИ | |
| контрольное поле | RU\NLR\IC12\5000103086 |
| 005 - ИДЕНТИФИКАТОР ВЕРСИИ | |
| контрольное поле | 20250617143151.0 |
| 035 ## - ДРУГИЕ СИСТЕМНЫЕ НОМЕРА | |
| Идентификатор записи | (NLR Aleph) 002710502 |
| 100 ## - ДАННЫЕ ОБЩЕЙ ОБРАБОТКИ | |
| Данные общей обработки | 20050324d1926 |||y0rusy50 ca |
| 101 0# - ЯЗЫК РЕСУРСА | |
| Язык текста, звукозаписи и т.д. | русский |
| 102 ## - СТРАНА ПУБЛИКАЦИИ ИЛИ ПРОИЗВОДСТВА | |
| Страна публикации | российская федерация |
| 105 ## - ПОЛЕ КОДИРОВАННЫХ ДАННЫХ: ТЕКСТОВЫЕ МАТЕРИАЛЫ, МОНОГРАФИЧЕСКИЕ | |
| Кодированные данные о монографическом текстовом документе | y ||||000|y |
| 200 0# - ЗАГЛАВИЕ И СВЕДЕНИЯ ОБ ОТВЕТСТВЕННОСТИ | |
| Основное заглавие | Т.15, Вып.36 |
| 210 ## - ПУБЛИКАЦИЯ, РАСПРОСТРАНЕНИЕ И ДР. | |
| Дата издания, распространения и т.д. | 1926 |
| Место издания, распространения и т.д. | Б. м. |
| 225 1# - СЕРИЯ | |
| Основное заглавие серии | Труды |
| Обозначение тома | Т.15, Вып.36 |
| Наименование части | ... |
| Обозначение тома | №36 |
| 461 #0 - УРОВЕНЬ НАБОРА | |
| Встроенное поле | 001RU\NLR\INFOCOMM19\5000009290 |
| -- | 2001#$aТруды Центрального статистического управления$fСССР$vТ.15, Вып.36 |
| Системный номер (АБИС) связанной записи | 4547536 |
| Автор | СССР. Центральное статистическое управление |
| Место публикации | М. |
| Дата публикации | 1920-1928 |
| Первые сведения об ответственности | СССР |
| Заглавие | Труды Центрального статистического управления |
| Номер тома | Т.15, Вып.36 |
| 462 #0 - УРОВЕНЬ ПОДНАБОРА | |
| Встроенное поле | 001RU\NLR\IC12\5000103050 |
| -- | 2001#$aДвижение цен$eДвухнедельное изд. Отд. конъюнктуры обмена, посвящ. материалам методологии и анализу индексов и цен$fЦСУ СССР. Сектор статистики обмена - ОКО$v№36 |
| Системный номер (АБИС) связанной записи | 4402267 |
| Место публикации | М. |
| Дата публикации | 1923-1927 |
| Первые сведения об ответственности | ЦСУ СССР. Сектор статистики обмена - ОКО |
| Сведения, относящиеся к заглавию | Двухнедельное изд. Отд. конъюнктуры обмена, посвящ. материалам методологии и анализу индексов и цен |
| Заглавие | Труды Центрального статистического управления. - Движение цен |
| Номер тома | №36 |
| 801 #1 - ИСТОЧНИК ЗАПИСИ | |
| Страна | российская федерация |
| Организация | InfoComm |
| Дата составления | 20050324 |
| 801 #0 - ИСТОЧНИК ЗАПИСИ | |
| Страна | российская федерация |
| Организация | NLR |
| Правила каталогизации | PSBO |
| 852 ## - МЕСТОНАХОЖДЕНИЕ И ШИФР ХРАНЕНИЯ | |
| Идентификатор организации | NLR |
| Шифр хранения (Call Number) | П23/1972 |
| 942 ## - ДОПОЛНИТЕЛЬНЫЕ ЭЛЕМЕНТЫ ЗАПИСИ (АБИС) | |
| Тип экземпляра АБИС | Выпуск |
| 980 ## - КОЛЛЕКЦИЯ | |
| Название коллекции | Национальная библиография |
| 980 ## - КОЛЛЕКЦИЯ | |
| Название коллекции | Русская периодика |
Нет доступных экземпляров.